[Event "Lille Luce op 6th"]
[Site "Lille"]
[Date "2015.05.09"]
[Round "8"]
[White "Inouss, Badr"]
[Black "Van der Lende, Ilias"]
[Result "0-1"]
[WhiteElo "2000"]
[BlackElo "2333"]
[PlyCount "62"]
[EventDate "2015.05.04"]
[EventType "swiss"]
[EventRounds "9"]
[EventCountry "FRA"]
[SourceTitle "EXT 2017"]
[Source "ChessBase"]
[SourceDate "2016.10.25"]
[SourceVersion "1"]
[SourceVersionDate "2016.10.25"]
[SourceQuality "1"]

1. d4 e6 2. Nf3 d5 3. g3 Bd6 4. Bg5 f6 5. Be3 c6 6. Bh3 e5 7. Bg2 Ne7 8. dxe5 fxe5 9. 0-0 Nf5 10. Bg5 Qb6 11. Nh4 Nxh4 12. Bxh4 0-0 13. Nd2 h6 14. e4 Qd4 15. Qe2 Be6 16. Rad1 Nd7 17. c4 Qxb2 18. exd5 cxd5 19. cxd5 Bf5 20. g4 Bg6 21. f4 Qd4+ 22. Kh1 Bd3 23. Qe1 Bxf1 24. Qxf1 Rxf4 25. Nf3 Qc4 26. Qe1 Bb4 27. Qe3 Bc5 28. Qe1 Re4 29. Qd2 Re2 30. Qc1 Qxa2 31. Rd2 Rxd2 0-1

[Event "Lille Luce op 6th"]
[Site "Lille"]
[Date "2015.??.??"]
[Round "9.30"]
[White "Chaignet, Lucas"]
[Black "Inouss, Badr"]
[Result "1-0"]
[WhiteElo "1758"]
[BlackElo "2000"]
[PlyCount "83"]
[EventDate "2015.05.04"]
[EventType "swiss"]
[EventRounds "9"]
[EventCountry "FRA"]
[SourceTitle "EXT 2017"]
[Source "ChessBase"]
[SourceDate "2016.10.25"]
[SourceVersion "1"]
[SourceVersionDate "2016.10.25"]
[SourceQuality "1"]

1. e4 c5 2. Nf3 d6 3. d4 cxd4 4. Nxd4 Nf6 5. Nc3 a6 6. Bg5 e6 7. Qd2 Nbd7 8. 0-0-0 Qc7 9. f4 b5 10. a3 Bb7 11. Bd3 Be7 12. Nf3 Nc5 13. Rhe1 e5 14. fxe5 dxe5 15. Bh4 0-0 16. Bg3 Nfd7 17. Nd4 Rfd8 18. Nf5 Bf8 19. Bh4 f6 20. Qe2 g6 21. Qg4 Kf7 22. Ne3 Rac8 23. Rf1 Bh6 24. Bg5 Bxg5 25. Qxg5 Kg8 26. Qg4 Rf8 27. h4 Nb6 28. h5 g5 29. Qf5 Nca4 30. Nxa4 Nxa4 31. Bc4+ Bd5 32. Bxd5+ Kh8 33. Bb3 Nc5 34. Kb1 Nxb3 35. cxb3 Qf7 36. g4 Rc7 37. Nd5 Rd7 38. Rc1 Rxd5 39. exd5 Qxd5 40. Rc7 Rf7 41. Rxf7 Qxf7 42. Qxf6+ 1-0

[Event "Barcelona Sant Marti op-A 16th"]
[Site "Barcelona"]
[Date "2014.07.20"]
[Round "8"]
[White "Inouss, Badr"]
[Black "Lindh, Fredrik"]
[Result "1-0"]
[WhiteElo "2008"]
[BlackElo "2205"]
[PlyCount "87"]
[EventDate "2014.07.13"]
[EventType "swiss"]
[EventRounds "9"]
[EventCountry "ESP"]
[SourceTitle "CBM 161 Extra"]
[Source "ChessBase"]
[SourceDate "2014.08.29"]
[SourceVersion "1"]
[SourceVersionDate "2014.08.29"]
[SourceQuality "1"]

1. d4 Nf6 2. c4 g6 3. f3 d5 4. cxd5 Nxd5 5. e4 Nb6 6. Be3 Bg7 7. Nc3 Nc6 8. Bb5 0-0 9. Bxc6 bxc6 10. b3 f5 11. Nge2 fxe4 12. Nxe4 Nd5 13. Bf2 e5 14. 0-0 Ba6 15. Re1 Qe7 16. dxe5 Rfd8 17. Bc5 Qxe5 18. Bd4 Bxe2 19. Bxe5 Bxd1 20. Bxg7 Bxf3 21. Ng5 Bg4 22. Bb2 Re8 23. Bd4 Nf4 24. Ne4 Red8 25. Nf6+ Kf7 26. Be5 Be6 27. Nxh7 Nd3 28. Ng5+ Ke7 29. Nxe6 Kxe6 30. Bxc7+ Nxe1 31. Rxe1+ Kf5 32. Bxd8 Rxd8 33. Kf2 Rd5 34. Re2 a5 35. Rc2 c5 36. Ke3 Ke6 37. Rc4 Rg5 38. g4 Kd5 39. Kf4 Re5 40. Rxc5+ Kxc5 41. Kxe5 Kb4 42. h4 Ka3 43. Kd4 Kxa2 44. Kc3 1-0

[Event "Barcelona Sant Marti op-A 16th"]
[Site "Barcelona"]
[Date "2014.07.15"]
[Round "3"]
[White "Ruhlmann, Helene"]
[Black "Inouss, Badr"]
[Result "0-1"]
[WhiteElo "1867"]
[BlackElo "2008"]
[PlyCount "72"]
[EventDate "2014.07.13"]
[EventType "swiss"]
[EventRounds "9"]
[EventCountry "ESP"]
[SourceTitle "CBM 161 Extra"]
[Source "ChessBase"]
[SourceDate "2014.08.29"]
[SourceVersion "1"]
[SourceVersionDate "2014.08.29"]
[SourceQuality "1"]

1. d4 b6 2. c4 Bb7 3. Nc3 g6 4. Nf3 Bg7 5. e4 c6 6. Be2 a6 7. a4 d5 8. cxd5 cxd5 9. e5 e6 10. 0-0 Ne7 11. Bg5 h6 12. Bd2 0-0 13. b4 Nf5 14. Bd3 Qe7 15. b5 a5 16. Ne2 Nd7 17. Bc1 Rfc8 18. Ba3 Qd8 19. Qd2 f6 20. Nf4 fxe5 21. Nxe6 Qf6 22. Nxg7 Qxg7 23. dxe5 Nc5 24. Bxc5 bxc5 25. Rfc1 Kh7 26. Ra3 d4 27. Qe2 Bxf3 28. gxf3 Qe7 29. Rb3 Qg5+ 30. Kh1 Qxc1+ 31. Qf1 Qxf1+ 32. Bxf1 c4 33. Rb1 d3 34. Rd1 Rd8 35. f4 Rac8 36. b6 Rb8 0-1

[Event "Barcelona Sant Marti op-A 16th"]
[Site "Barcelona"]
[Date "2014.07.14"]
[Round "2"]
[White "Inouss, Badr"]
[Black "Asensio Linan, Teodoro"]
[Result "0-1"]
[WhiteElo "2008"]
[BlackElo "2189"]
[PlyCount "72"]
[EventDate "2014.07.13"]
[EventType "swiss"]
[EventRounds "9"]
[EventCountry "ESP"]
[SourceTitle "CBM 161 Extra"]
[Source "ChessBase"]
[SourceDate "2014.08.29"]
[SourceVersion "1"]
[SourceVersionDate "2014.08.29"]
[SourceQuality "1"]

1. d4 Nf6 2. c4 g6 3. Nc3 Bg7 4. e4 d6 5. Be2 0-0 6. Nf3 Nbd7 7. 0-0 e5 8. Kh1 Re8 9. d5 Nc5 10. Qc2 a5 11. Ne1 Qe7 12. Be3 b6 13. b3 Ncxe4 14. Nxe4 Nxe4 15. Rb1 f5 16. f3 Nf6 17. a3 Nh5 18. g4 Nf4 19. Nd3 Nxd3 20. Bxd3 e4 21. fxe4 fxg4 22. Bf4 Bd7 23. b4 axb4 24. axb4 Ra3 25. Qd2 Rf8 26. c5 Rxd3 27. Qxd3 Bb5 28. cxd6 cxd6 29. Qe3 Bxf1 30. Rxf1 g5 31. Kg2 Qf7 32. Qe2 gxf4 33. Qxg4 f3+ 34. Kh3 Qf4 35. Qe6+ Kh8 36. Rf2 Bf6 0-1

[Event "Nantes op 5th"]
[Site "Nantes"]
[Date "2006.12.29"]
[Round "7"]
[White "Inouss, Badr"]
[Black "Goupil, Arnaud"]
[Result "1-0"]
[WhiteElo "2013"]
[BlackElo "2146"]
[PlyCount "25"]
[EventDate "2006.12.26"]
[EventType "swiss"]
[EventRounds "9"]
[EventCountry "FRA"]
[SourceTitle "CBM 116 Extra"]
[Source "ChessBase"]
[SourceDate "2007.03.07"]
[SourceVersion "1"]
[SourceVersionDate "2007.03.07"]
[SourceQuality "1"]

1. d4 d5 2. c4 c6 3. Nc3 Nf6 4. e3 a6 5. Bd3 b5 6. cxd5 cxd5 7. Bd2 e6 8. Rc1 Be7 9. Nf3 Nbd7 10. g4 Bb7 11. Ng5 h5 12. gxh5 Rxh5 13. Nxe6 1-0